00491nam a2200121Ia 4500008004100000100001700041245009700058260008200155546001200237942000700249999001700256952009600273220512s9999 xx 000 0 eng d aTuteja, Usha 0aAssesment of Marketable and Marketed Surplus of Major Food-Grains in Haryana /cTuteja, Usha aDelhi :bAgricultural Economics Research Center University of Delhi,cJun-13 aEnglish cPR c36818d36818 001040708WPaNASSDOCbNASSDOCd2022-05-12l0pP1073r2022-05-12 00:00:00w2022-05-12yPR